Nimeä valtio A-Z - Statistics

Yleistilastot
  • Tätä visaa on pelattu 13 797 kertaa
  • Keskiarvotulos 18 / 24
Vastaustilastot
Kirjain Valtiot % Oikein
A Afganistan | Alankomaat | Albania | +8
99%
B Bahama | Bahrain | Bangladesh | +13
96%
E Ecuador | Egypti | El Salvador | +6
85%
K Kambodža | Kamerun | Kanada | +15
84%
S Saksa | Salomoninsaaret | Sambia | +22
83%
I Indonesia | Intia | Irak | +7
82%
N Namibia | Nauru | Nepal | +5
82%
M Madagaskar | Malawi | Malediivit | +15
80%
R Ranska | Romania | Ruanda | Ruotsi
80%
L Laos | Latvia | Lesotho | +6
79%
P Pakistan | Palau | Panama | +8
78%
T Tadžikistan | Taiwan | Tansania | +11
76%
G Gabon | Gambia | Georgia | +5
75%
J Jamaika | Japani | Jemen | Jordania
75%
V Valko-Venäjä | Vanuatu | Vatikaanivaltio | +4
72%
U Uganda | Ukraina | Unkari | +3
69%
Q Qatar
66%
H Haiti | Honduras
65%
F Fidži | Filippiinit
63%
O Oman
62%
C Chile | Costa Rica
60%
D Djibouti | Dominica | Dominikaaninen tasavalta
55%
Z Zimbabwe
46%
Y Yhdistyneet arabiemiraatit | +2
43%
Ehtoja vastaavia visoja ei löytynyt
Tulosjakauma
Jokaisen tuloksen saaneiden osuus
Persentiili vastausten määrän mukaan
Tuloshistoriasi
Et ole pelannut tätä visaa